La compraventa con pacto de sobrevivencia

Detalles Bibliográficos
Autor principal: Pujol Capilla, Purificacin̤
Formato: Desconocido
Lenguaje:español
Publicado: Barcelona : Bosch Editor, 2004
Materias:
Acceso en línea:Acceso restringido

MARC

LEADER 00000ny a22000003n 4500
005 20110622124815.0
006 m u
007 cr cn|||||||||
008 200807r2004 sp |||||s|||||||||||spa d
020 |a 9788476987186 
035 |a 613 
040 |a FlNmELB  |c FlNmELB  |d vlex 
050 1 4 |a KKT6071.56  |b P979 2004eb 
080 |a 347.626.6(460.23) 
090 |c 1233  |d 1233 
100 1 |a Pujol Capilla, Purificacin̤ 
245 1 3 |a La compraventa con pacto de sobrevivencia  |h [Recurso electrn̤ico]  |c Purificacin̤ Pujol Capilla 
256 |a Servicio en ln̕ea 
260 |a Barcelona :  |b Bosch Editor,  |c 2004 
300 |a 13-319 p 
506 1 |a Contenido solo disponible en los productos indicados  |d vLex Global  |d vLex Global (Academic Edition, excluding Law Schools)  |d vLex Global (U.S. Academic Edition, Law Schools)  |d vLex Global (U.S. Academic Edition, excluding Law Schools)  |d vLex Global (Academic Edition, Law Schools) 
650 0 7 |a Civil  |2 Tesauro vLex 
650 0 7 |a Contrato de compraventa  |2 Tesauro vLex 
650 0 7 |a Compraventa  |2 Tesauro vLex 
740 0 |a vLex Libros (Servicios en ln̕ea) 
856 4 0 |z Acceso restringido  |u http://vlex.com/source/compraventa-pacto-sobrevivencia-613 
942 |c BOOK